Personnages d'anime en images - V - Statistiques

Statistiques générales
  • Ce quiz a été pris 332 fois
    318 depuis la dernière actualisation
  • Le résultat moyen est 3 sur 12
Statistiques - réponses
Par images Réponse % Correct
Vegeta
97%
Violet Evergarden
74%
Nefertari Vivi
73%
Vector
32%
Viktor Nikiforov
15%
Vanilla Ice
13%
V.V.
11%
Valerian
7%
Vaccine man
6%
Valtos
5%
Vicious
2%
Voltron
2%
Aucun quiz correspondant
Distribution des résultats
% des personnes avec chaque résultat
Percentile par nombre de réponses
Votre historique - résultats
Vous n’avez pas pris ce quiz depuis la dernière actualisation